00179nam a2200061Ia 4500245002500000100005100025008004100076 0aIn drome is jy myne  a STRYDOM, M. Pretoria, 1993 Grootdrukuitg 210818s9999 xx 000 0 und d